Statistics for 15 największych wysp chorwacji.

Click here to take the quiz!

General Stats

  • This quiz has been taken 12 times
  • The average score is 8 of 15

Answer Stats

MiejscePowierzchniaWyspa% Correct
2405,8 km2krk
100%
3394,5 km2Brać
75%
4299,6 km2Hvar
75%
6276,0 km2Korcula
75%
5284.5 km2Pag
75%
1405.8 km2Cres
63%
1546.8 km2Lastovo
63%
7114,4 km2Dugi otok
50%
990,8 km2Rab
50%
8100.4 km2Mljet
50%
1090,2 km2Vis
50%
1450,2 km2Ugljan
38%
1174,6 km2Losinj
25%
1358,9 km2Solta
25%
1263,3 km2Pasman
13%

Score Distribution

Percentile by Number Answered

Percent of People with Each Score

Your Score History

You have not taken this quiz